00378nam a22001217a 4500008004100000020002200041082001100063100003400074245010600108250001600214260000900230300001700239230519b |||||||| |||| 00| 0 eng d a978-99936-622-3-5 a954.98 aThe National Museum of Bhutan a Brief Introduction to the Tangible and Intangible Culture,bThe proceedings of the second colloquium a3rd edition c2016 a80 p.c23 cm